Cientistas conhecidos - Statistics

Estatísticas Gerais
  • Esse quiz foi jogado 223 vezes
  • A pontuação média é 5 de 15
Estatísticas das Respostas
Imagem Resposta % Correto
Albert Einstein
98%
Nikola Tesla
69%
Galileu Galilei
65%
Thomas Edison
43%
Alan Turing
39%
Nicolau Copérnico
38%
Niels Bohr
36%
Max Planck
27%
Erwin Schrödinger
22%
Paul Dirac
15%
Ernest Rutherford
13%
Linus Pauling
13%
Michael Faraday
11%
Alessandro Volta
5%
Amedeo Avogrado
1%
Nenhum quiz correspondente encontrado
Distribuição das Pontuações
Porcentagem de Pessoas com Cada Pontuação
Percentil de Números Respondidos
Sua Pontuação Histórica
Você não jogou esse quiz